Social business as one the possible ways of ensuring a socio-economic development of the entrepreneurship
Na minha lista:
| Autor principal: | |
|---|---|
| Formato: | Capítulo de Livro |
| Idioma: | inglês |
| Assuntos: | |
| Tags: |
Sem tags, seja o primeiro a adicionar uma tag!
|
MARC
| LEADER | 00000naa$a2200000$$$4500 | ||
|---|---|---|---|
| 001 | 0223289 | ||
| 005 | 20240502083555.4 | ||
| 041 | 0 | |a eng | |
| 044 | |a UA | ||
| 245 | 1 | 0 | |a Social business as one the possible ways of ensuring a socio-economic development of the entrepreneurship |c Marián Vongrej |
| 610 | 2 | 0 | |a podnikanie sociálne |
| 610 | 2 | 0 | |a podnik sociálny |
| 610 | 2 | 0 | |a umenie |
| 610 | 2 | 0 | |a kaviarne |
| 610 | 2 | 0 | |a práca |
| 610 | 2 | 0 | |a zamestnanosť |
| 100 | 1 | |a Vongrej, Marián | |